000 00943cam a2200145ua 4500
041 _aeng
_h
082 _a324
_bPUB/IN
110 1 _aPublication Division .
_b
_c(Ministry of I & B, Govt. Of India )
245 _aIndia: A political survey /
_cPublication Division, Ministry of Information and Broadcasting, Government of India.
_hTextual Documents
260 _aIndia :
_bMinistry of I&B, Govt. of India ,
_c1960.
300 _a118 ; .
504 _a
942 _cBK
999 _c4889
_d4889